1284 1334 1022 1396 1454 1206 1502 1832 1668 1323 1938 1783 1699 1396 1439 1551 1158 1956 1068 1077 1966 1081 1747 1819 1991 1226 1728 1110 1006 1256 1837 1168 1693 1175 1476 1284 1536 1910 1278 1698 1870 1197 1933 1024 1814 1383 1088 1645 1676 1543 1072 1593 1192 1892 1231 1740 1513 1699 1244 1384 1004 1708 1320 1875 1172 1147 1243 1854 1244 1907 1334 1576 1583 1293 1999 1885 1446 1096 1945 1762 1388 1361 1651 1068 1960 1369 1621 1142 1219 1031 1113 1221 1509 1325 1289 1570 1998 1310 1145 BCNSPRNW ULIB Ver.6.0+V

เปลี่ยนเป็นภาษาไทย

Change to English
 แสดงรายละเอียดบรรณานุกรม
  กลับหน้าหลัก

Brief Record : Get Marc (ISO 2709) : E-mail record : QR code < ปิดหน้าต่าง
LEADER : 00000nam a2200000Ia 4500
001    13399122395
003     ULIB
008    110523s2551 th a d 000 0 tha d
020    ^a9789749907672
020    9749907671
050  4 ^aPE1645^bพ111พ
245 00 ^aพจนานุกรมอังกฤษ-ไทย/^cโดย พ.เสถบุตร
250    ^acompletely revised & updated edition
260    ^aกรุงเทพฯ :^bNanmeebooks,^c2548
300    ^a1141 หน้า
650  4 ^aภาษาอังกฤษ^vพจนานุกรม^xภาษาไทย
รายการนี้ยังไม่มีแท็ก
คุณยังไม่ได้ล็อกอิน คุณสามารถมีกิจกรรมร่วมกับเว็บไซต์ได้ แต่ต้องล็อกอินก่อน ::
  ล็อกอิน

รายการสื่อสารสนเทศ

ลำดับที่ ประเภท เลขเรียก/บาร์โค้ด สถานที่ สถานะ
- ไม่พบข้อมูล -

BibComment


ยังไม่เคยถูกคอมเมนท์

คอมเมนท์ทรัพยากรรายการนี้
  คอมเมนท์: พจนานุกรมอังกฤษไ..


 Copyright 2026. Bcnsprnw @Library